Normal view
MARC view
- Valasek, John
Entry Personal Name
001 - CONTROL NUMBER
- control field: 110504
003 - CONTROL NUMBER IDENTIFIER
- control field: NUST
005 - DATE AND TIME OF LATEST TRANSACTION
- control field: 20230317110134.0
008 - FIXED-LENGTH DATA ELEMENTS
- fixed length control field: 230317|| aca||aabn | a|a d
040 ## - CATALOGING SOURCE
- Original cataloging agency: NUST
- Transcribing agency: NUST
100 ## - HEADING--PERSONAL NAME
- Personal name: Valasek, John
670 ## - SOURCE DATA FOUND
- Source citation: Work cat.: (NUST): Valasek, John, Advances in Intelligent and Autonomous Aerospace Systems /, 2012.
